000 01185cam a2200325 a 4500
001 36467
003 BD-RjUL
005 20211209052506.0
008 140624s1969 nyub b 001 0 eng c
020 _a9780195332698 (pbk.)
020 _a0195332695 (pbk.)
035 _a(BD-RjUL)36567
040 _aBTCTA
_cBTCTA
_dBAKER
_dYDXCP
_dIQU
_dBD-RjUL
_beng
041 _aeng
082 _a320.981
_bSKP 1969
100 1 _aSkidmore, Thomas E.
_9111023
245 1 0 _aPolitics in Brazil, 1930-1964 :
_ban experiment in democracy /
_cThomas E. Skidmore ; foreword by James N. Green.
250 _aUpdated ed.
260 _aNew York :
_bOxford University Press,
_c1969
300 _axxxiii, 446 p. :
_bmap ;
_c21 cm.
500 _a"40th anniversary edition."
504 _aIncludes bibliographical references and indexes.
651 0 _aBrazil
_xPolitics and government
_y1930-1945.
_9110996
651 0 _aBrazil
_xPolitics and government
_y1945-1954.
_9110997
651 0 _aBrazil
_xPolitics and government
_y1954-1964.
_9111024
856 4 1 _3Table of contents
_uhttp://www.loc.gov/catdir/toc/fy0803/2007282655.html
942 _2ddc
_cBK
999 _c36467
_d36467